[Event "Chigorin Memorial 22nd"]
[Site "St Petersburg"]
[Date "2014.10.19"]
[Round "2"]
[White "Zakharov, Yuri Vasilievich"]
[Black "Petukhov, Vasily Nikolaevich"]
[Result "1/2-1/2"]
[WhiteElo "1830"]
[BlackElo "2113"]
[PlyCount "96"]
[EventDate "2014.10.18"]
[EventType "swiss"]
[EventRounds "9"]
[EventCountry "RUS"]
[SourceTitle "EXT 2015"]
[Source "ChessBase"]
[SourceDate "2014.11.20"]
[SourceVersion "1"]
[SourceVersionDate "2014.11.20"]
[SourceQuality "1"]

1. Nf3 Nf6 2. g3 c5 3. Bg2 e6 4. 0-0 d5 5. d3 Nc6 6. Nbd2 g6 7. e4 Bg7 8. c3 0-0 9. Qc2 Qc7 10. Re1 b6 11. Nf1 Bb7 12. Bd2 Rac8 13. Rad1 Rfd8 14. Qb1 Ba6 15. Bg5 dxe4 16. dxe4 h6 17. Bf4 Qe7 18. Ne5 Nxe5 19. Bxe5 c4 20. Ne3 Qc5 21. Bd4 Qc7 22. f4 Nd7 23. e5 Nc5 24. Ng4 Nd3 25. Re3 Rxd4 26. cxd4 Qd8 27. Re4 Bb7 28. Rxd3 Bxe4 29. Bxe4 cxd3 30. Qxd3 h5 31. Ne3 Qc7 32. d5 Qc1+ 33. Nd1 exd5 34. Qxd5 Qc5+ 35. Qxc5 Rxc5 36. Kf2 Bf8 37. Nc3 Rc4 38. Kf3 Kg7 39. Bd3 Rb4 40. b3 Rd4 41. Ke2 Bb4 42. Ne4 Rd8 43. a4 Kf8 44. Nf6 Bc5 45. Bc4 Bg1 46. h4 Bc5 47. Ne4 Ke7 48. Nf6 Bd4 1/2-1/2